| 000 | 00627nam a22002057a 4500 | ||
|---|---|---|---|
| 003 | OSt | ||
| 005 | 20210426081704.0 | ||
| 008 | 210215s1962 ||||| |||| 00| 0 eng d | ||
| 020 | _a399500200 | ||
| 040 |
_aeng _beng _cDLC |
||
| 041 | _aeng | ||
| 080 |
_a008 _bP-50 |
||
| 100 |
_9874 _aPeterson, A. Frederick |
||
| 245 |
_aAncient Mexico _b: An Introduction to the Pre-Hispanic Cultures _c/ by: Capricorn Books |
||
| 260 |
_aNew York _bCapricorn Books _c1962 |
||
| 300 |
_a318 p. _bill. |
||
| 650 | 0 |
_9410 _aHistory of civilizations |
|
| 653 | _aცივილიზაციების ისტორია | ||
| 942 |
_2udc _cBK |
||
| 999 |
_c1379 _d1379 |
||